000 01136pam a2200325 a 4500
001 2987
003 FISKH
005 20240129122420.0
008 920210s1992 nyu j 000 1 eng
010 _a 92052710
020 _a0823409848 :
040 _aDLC
_cDLC
_dDLC
_beng
042 _alcac
050 0 0 _aPZ7.W15473
_bBi 1992
082 0 0 _a[Fic]
_220
100 1 _aWallace, Bill,
_d1947-
245 1 4 _aThe biggest klutz in fifth grade /
_cBill Wallace.
250 _aThis edition published in 1994
260 _aNew York :
_bMinstrel,
_c1992
300 _a148 pages ;
_c20 cm
505 _aQ
520 _aTired of being taunted for his clumsiness, Pat makes a bet that he can get through the summer and start sixth grade without breaking any bones or having to get stitches.
521 8 _a660
_bLexile
521 8 _aQ
_bRaz-Plus
650 1 _aWagers
_xFiction.
650 1 _aClumsiness
_xFiction.
906 _a7
_bcbc
_corignew
_d1
_eocip
_f19
_gy-gencatlg
942 _2ddc
_cBK
_n0
999 _c2987
_d2987